000 00741nam a2200229Ia 4500
003 GCL
008 140319s9999 xx 000 0 ara d
040 _aGCL /
_cGCL
082 0 4 _a962.4
_bم ت
100 1 _aمحمد مصطفى
245 1 0 _aتشحيذ الاذهان بسيرة بلاد العرب والسودان /
_cمحمد مصطفى
700 1 _aمحمد بن عمر التونسى
700 1 _aمصطفى محمد مسعد
700 1 _aمحمود عساكر (تحقيق)
260 _a[S.N] :
_bالمؤسسة المصرية العامة للتاليف ،
_c1965
300 _a480 ص
490 _a
650 0 4 _aتاريخ
650 0 4 _aالسودان
650 0 4 _aالقبائل العربية
942 _2ddc
_cBK
999 _c27531
_d27531